• 首页
  • 本馆介绍
  • 公告通知
  • 最新文献
  • 馆藏检索
  • 电子资源
  • 读者导购
  • 参考咨询
  • 我的图书馆
  • 登录
  • 详细信息显示
  • 放入我的书架
  • 预约/预借图书
  • 作者相关作品
  • 分类相关作品
  • 丛书相关作品
  • 出版社相关作品

书目信息

  • 表格格式
  • 工作单格式
  • 卡片格式
题名:
最新哑铃健身法
    
 
作者: 相建华 , 田振华 著
分册:  
出版信息: 北京   人民体育出版社  1998
页数: 371页
开本: 20cm
丛书名: 新时代健美丛书
单 册:
中图分类: G835.4
科图分类:
主题词: 辅助体操,哑铃--健身运动
电子资源:
ISBN: 7-5009-1595-0
000 00684nam0 2200229 45
001 0310260058
005 20031219104120.7
010    @a7-5009-1595-0@dCNY19.80
100    @a20031026d1998 km y0chiy0120 ea
101 0  @achi
105    @a z 000yy
200 1  @a最新哑铃健身法@AZui Xin Ya Ling Jian Shen Fa@f相建华,田振华著@FXiang Jian Hua,Tian Zhen Hua Zhu
210    @a北京@c人民体育出版社@d1998
215    @a371页@c插图@d20cm
225    @a新时代健美丛书
410    @12001 @a新时代健美丛书
606 0  @a辅助体操,哑铃@x健身运动
690    @aG835.4@v4
701    @a相建华@4著
701  0 @a田振华@4著
801    @aCN@bTSTC@c20031026
905    @a213230@b327272-275@dG835.4@e44@f4
    
    最新哑铃健身法/相建华,田振华著.-北京:人民体育出版社,1998
    371页:插图;20cm.-(新时代健美丛书)
    
    
    ISBN 7-5009-1595-0:CNY19.80
    
●
相关链接 在E读中查询图书 在五车中查询图书 在当当中查询图书 在豆瓣中查询图书


正题名:最新哑铃健身法     索取号:G835.4/44         预约/预借

序号 登录号 条形码 馆藏地/架位号 状态 备注
1 0327272   203272724   第四借阅区/ [索取号:G835.4/44] 在馆    
2 0327273   203272733   第四借阅区/ [索取号:G835.4/44] 在馆    
3 0327274   203272742   第四借阅区/ [索取号:G835.4/44] 在馆    
4 0327275   203272751   第一样本阅览室/ [索取号:G835.4/44] 在馆    
5 0332328   203323288   第四借阅区/ [索取号:G835.4/44] 在馆    
6 0332329   203323297   第四借阅区/ [索取号:G835.4/44] 在馆    
7 0332330   203323304   第四借阅区/ [索取号:G835.4/44] 在馆    
唐山师范学院图书馆 欢迎您!
大连网信软件有限公司© 版权所有